Meta Window C.
Meta Window is a revolutionary, high performance graphics system which provices you with a comprehensive set of graphic drawing functions, plus an expanded set of advanded utilities for developing multi-window desktop applications.
保存先:
| フォーマット: | 図書 |
|---|---|
| 言語: | English |
| 出版事項: |
USA :
Metagraphics software corporation,
1986.
|
| 主題: | |
| タグ: |
タグ追加
タグなし, このレコードへの初めてのタグを付けませんか!
|
| Thư viện lưu trữ: | Mạng thư viện Đại học Đà Nẵng |
|---|
| LEADER | 00980cam a2200325 i 4500 | ||
|---|---|---|---|
| 001 | 000043053 | ||
| 003 | 928 | ||
| 005 | 20030218151411.0 | ||
| 008 | 010217|1986 vm 000 eng | ||
| 022 | |a T | ||
| 040 | |a IRC |c IRC |d IRC | ||
| 041 | 0 | |a eng | |
| 082 | 1 | 4 | |a 005.13 |b Me-T |
| 245 | 0 | 0 | |a Meta Window C. |
| 260 | |a USA : |b Metagraphics software corporation, |c 1986. | ||
| 300 | |a 230p. ; |c 21cm. | ||
| 520 | 3 | |a Meta Window is a revolutionary, high performance graphics system which provices you with a comprehensive set of graphic drawing functions, plus an expanded set of advanded utilities for developing multi-window desktop applications. | |
| 630 | 0 | 4 | |a Computer. |
| 630 | 0 | 4 | |a MetaWindow. |
| 650 | 0 | 4 | |a MetaWindow |x Programming. |
| OWN | |a DUT | ||
| 999 | |a From the UDN01 | ||
| TYP | |a Monograph | ||
| TYP | |a Printed language | ||
| 980 | |a Mạng thư viện Đại học Đà Nẵng | ||